And no birds sing : rhetorical analyses of Rachel Carson's Silent spring
Αποθηκεύτηκε σε:
| Άλλοι συγγραφείς: | |
|---|---|
| Μορφή: | Βιβλίο |
| Γλώσσα: | English |
| Δημοσίευση: |
Carbondale :
Southern Illinois University Press,
c2000
|
| Θέματα: | |
| Ετικέτες: |
Προσθήκη ετικέτας
Δεν υπάρχουν, Καταχωρήστε ετικέτα πρώτοι!
|
MARC
| LEADER | 00000cam a2200000 i 4500 | ||
|---|---|---|---|
| 001 | 1/9403 | ||
| 008 | 100714s2000 eng d | ||
| 020 | |a 0-8093-2218-8 (hbk.) | ||
| 035 | |l 10108616 | ||
| 040 | |a GR-MY-UA |b gre |e aacr | ||
| 041 | 0 | |a eng | |
| 082 | 0 | |a 363.7384 |2 (22) | |
| 245 | 1 | 0 | |a And no birds sing : |b rhetorical analyses of Rachel Carson's Silent spring / |c edited by Craig Waddell ; with a foreword by Paul Brooks |
| 260 | |a Carbondale : |b Southern Illinois University Press, |c c2000 | ||
| 300 | |a xviii, 232 σ.; |c 23 εκ. | ||
| 504 | |a Περιέχει βιβλιογραφικές παραπομπές και ευρετήριο | ||
| 600 | 1 | 0 | |a Carson, Rachel, |d 1907-1964. |t Silent spring. |
| 650 | 0 | 0 | |a English language |y 20th century |x Rhetoric. |
| 700 | 1 | |a Waddell, Craig. |4 edt | |
| 852 | |a INST |b LESVOS |e 20100714 |h 363.7384 AND |p 005100048166 |q 005100048166 |t BK |y 0 | ||
| 901 | |a BIBL1-2010-2 | ||
| 909 | |a Λ |b 154832 | ||
| 970 | |a ΚΑΡΑ |b ΓΙΑΣΕΜΗ |z 2010/07/14 | ||